Μάιρα Μπρέκινριτζ

Αποθηκεύτηκε σε:
Λεπτομέρειες βιβλιογραφικής εγγραφής
Κύριος συγγραφέας: Vidal, Gore, 1925-2012
Άλλοι συγγραφείς: Πασχαλίδου, Αλίνα (trlf)
Μορφή: Βιβλίο
Γλώσσα:Greek
English
Δημοσίευση: Αθήνα : Νέα Σύνορα, 1986.
Σειρά:Παγκόσμια λογοτεχνία (Νέα Σύνορα)
Θέματα:
Ετικέτες: Προσθήκη ετικέτας
Δεν υπάρχουν, Καταχωρήστε ετικέτα πρώτοι!

MARC

LEADER 00000cam a2200000 i 4500
001 1/2642
008 091221s1986 gr | ||| |||| ||gre||
035 |l 10106090 
040 |a GR-MyUa  |b gre  |e AACR2 
041 1 |a gre  |h eng 
082 7 |a 813   |2 (22) 
100 1 |a Vidal, Gore,   |d 1925-2012. 
245 1 0 |a Μάιρα Μπρέκινριτζ /   |c Γκορ Βιντάλ ; μετάφραση Αλίνα Πασχαλίδου.  
260 |a Αθήνα :   |b Νέα Σύνορα,   |c 1986.  
300 |a 209 σ. ;   |c 21 εκ. 
490 1 |a (Παγκόσμια λογοτεχνία / Νέα Σύνορα)  
650 0 |a American fiction. 
650 0 |a Science fiction. 
700 1 |a Πασχαλίδου, Αλίνα,  |e trlf 
830 0 |a Παγκόσμια λογοτεχνία (Νέα Σύνορα) 
852 |a INST  |b SAMOS  |e 20091221  |h 813 VID  |p 005300031076  |q 005300031076  |t BK  |y 0 
901 |a BIBL3-2009-3 
970 |a ΡΟΥΣΣΟΥ  |b ΚΩΝΣΤΑΝΤΙΝΑ  |z 2009/12/21